000 01582cam a2200349 i 4500
003 SA-RiAUC
005 20250716060234.0
008 250714s2000 ua b g b 000 0 ara c
020 _a9960363902
040 _aSA-RiAUC
_bara
_cSA-RiAUC
_erda
043 _aa-su---
050 4 _b.H35 2000
082 0 4 _a953.1
090 _a953.1
_bح ل و
100 1 _aالحلواني، سعد بدير سعد،
_d1957-
_eمؤلف.
245 1 2 _aالتاريخ السعودي الحديث والمعاصر حتى نهاية القرن العشرين /
_cسعد بدير الحلواني، محمد جمعان محمد دادا الغامدي.
250 _aالطبعة الأولى.
264 1 _aالقاهرة :
_bالوادي الجديد للطباعة والنشر،
_c2000
300 _a272 صفحة :
_bخرائط ؛
_c24 سم
336 _aنص
_btxt
_2rdacontent
_3كتاب
337 _aبدون وسيط
_bn
_2rdamedia
338 _aمجلد
_bnc
_2rdacarrier
504 _aببليوجرافية : صفحة 249-256.
651 7 _aالسعودية
_xتاريخ
_yقرن 14 هجري
_2aucsh
651 7 _aالسعودية
_xأحوال اجتماعية
_2aucsh
651 7 _aالسعودية
_xسياسة وحكومة
_2aucsh
651 7 _aالسعودية
_xملوك وحكام
_xتاريخ
_2aucsh
651 7 _aالسعودية
_xتاريخ
_yعبد العزيز بن عبد الرحمن، 1319-1373 هجري
_2aucsh
700 1 _aالغامدي، محمد جمعان محمد دادا
_eمؤلف.
942 _2ddc
_cBOOK
_n0
949 _aSA-JeALM
_d250714
_umohamedma123
_n1
999 _c9970
_d9970